000 02773cam a2200169 4500500
005 20260208010814.0
041 _afre
042 _adc
100 1 0 _aVerdeau, Patricia
_eauthor
245 0 0 _aStéphane Madelrieux (dir.), Bergson et James. Cent ans après, Paris, Presses universitaires de France (coll. « Science, Histoire et Société »), 2011, 156 p., 18 €
260 _c2013.
500 _a48
520 _aQuel est l’état des recherches marxiennes et marxistes dans la Russie post-soviétique de la dernière décennie ? Les marxistes y ont encore une audience ; ils relèvent de la philosophie politique de la Russie contemporaine, mais leurs travaux y ont une place très modeste. L’école qui mérite le plus de retenir l’attention est celle du « marxisme critique », dirigée par l’économiste A. V. Bouzgaline ; elle a l’ambition de représenter la forme contemporaine du marxisme. Proche d’elle est le sociologue et théoricien de la science politique B. Y. Kagarlitski. Ce marxisme critique est sévère à l’égard de l’époque soviétique, mais également à l’égard du capitalisme contemporain. Les problèmes de philosophie de l’histoire et de théorie de la culture trouvent un traitement original dans les travaux de V. M. Mejouïev. Globalement, les recherches marxisantes actuelles, très véhémentes dans leur critique de la période soviétique, utilisent des concepts marxistes pour étudier les problèmes sociaux actuels, tant en Russie que dans le monde en général.
520 _aMarxism in Contemporary RussiaHow can we describe the status of both Marxian and Marxist research in post-Soviet Russia in the last decade ? Marxists still have an audience ; they are part of the political philosophy of contemporary Russia, but their works enjoy very limited attention. The school that deserves most attention is that of “critical Marxism”, whose leader is the economist A. V. Buzgalin, which aims at representing the contemporary form of Marxism. It is close to the sociological approach of the political science theorist B. Y. Kagarlitsky. This critical Marxism is ruthless towards the Soviet era, but also tough on contemporary capitalism. The problems adressed by the philosophy of history and of theory of culture receive an original treatment in V. M. Mezhuev. More globally, contemporary Marxist researches, however vehement in their criticism of the Soviet period, use Marxist concepts to study current social issues, both in Russia and in the world in general.
786 0 _nRevue philosophique de la France et de l'étranger | 138 | 2 | 2013-04-10 | p. 265l-276l | 0035-3833
856 4 1 _uhttps://shs.cairn.info/revue-philosophique-2013-2-page-265l?lang=fr&redirect-ssocas=7080
999 _c1658298
_d1658298